<?xml version="1.0" encoding="UTF-8"?><?xml-stylesheet type="text/xsl" href="static/style.xsl"?><OAI-PMH xmlns="http://www.openarchives.org/OAI/2.0/" xmlns:xsi="http://www.w3.org/2001/XMLSchema-instance" xsi:schemaLocation="http://www.openarchives.org/OAI/2.0/ http://www.openarchives.org/OAI/2.0/OAI-PMH.xsd"><responseDate>2026-04-13T13:26:27Z</responseDate><request verb="GetRecord" identifier="oai:www.recercat.cat:10230/48459" metadataPrefix="marc">https://recercat.cat/oai/request</request><GetRecord><record><header><identifier>oai:recercat.cat:10230/48459</identifier><datestamp>2025-12-25T19:59:47Z</datestamp><setSpec>com_2072_6</setSpec><setSpec>col_2072_452954</setSpec></header><metadata><record xmlns="http://www.loc.gov/MARC21/slim" xmlns:dcterms="http://purl.org/dc/terms/" xmlns:xsi="http://www.w3.org/2001/XMLSchema-instance" xmlns:doc="http://www.lyncode.com/xoai" xsi:schemaLocation="http://www.loc.gov/MARC21/slim http://www.loc.gov/standards/marcxml/schema/MARC21slim.xsd">
   <leader>00925njm 22002777a 4500</leader>
   <datafield ind2=" " ind1=" " tag="042">
      <subfield code="a">dc</subfield>
   </datafield>
   <datafield ind2=" " ind1=" " tag="720">
      <subfield code="a">Cediel Borrero, Juan Camilo</subfield>
      <subfield code="e">author</subfield>
   </datafield>
   <datafield ind2=" " ind1=" " tag="260">
      <subfield code="c">2021-09-15T12:51:05Z</subfield>
   </datafield>
   <datafield ind2=" " ind1=" " tag="260">
      <subfield code="c">2021-09-15T12:51:05Z</subfield>
   </datafield>
   <datafield ind2=" " ind1=" " tag="260">
      <subfield code="c">2021</subfield>
   </datafield>
   <datafield ind2=" " ind1=" " tag="520">
      <subfield code="a">Treball de Fi de Màster: Màster Avançat en Ciències Jurídiques. Curs 2020-2021</subfield>
   </datafield>
   <datafield ind2=" " ind1=" " tag="520">
      <subfield code="a">Tutor: Nicola Lucchi</subfield>
   </datafield>
   <datafield ind2=" " ind1=" " tag="520">
      <subfield code="a">El internet como derecho se ha convertido en un reciente campo de discusión e investigación, recibiendo a su favor argumentos que lo justifican pero también encontrándose razones que ven con imposibilidad tal consolidación. Este escrito refleja el desarrollo de tal discusión y, fundamentado en el reconocimiento de algunos ordenamientos jurídicos de un derecho de tal connotación, busca una posible definición y estructuración, ubicando el acceso a internet como nuevo derecho, seguido por unas características y principios que le hacen catalogarse como autónomo. Las “Nuevas perspectivas” de la discusión vienen a estructurar un derecho de acceso a internet a partir de los distintos argumentos doctrinales, de organismos internacionales y jurisprudenciales, que permitirán revisar el estado de cosas en la materia dentro de un ordenamiento jurídico puntual, mediante el uso de un instrumento de estudio que se propondrá. En igual sentido el nuevo visón de la investigación planteará la necesidad de regular un derecho así para enfrentar el problema de la brecha digital y la protección de los derechos desarrollados en internet, poniendo de presente un tema de actualidad mundial relativo a la pandemia de la Covid-19, que en gran medida ha reabierto la discusión y la necesidad del internet como derecho fundamental.</subfield>
   </datafield>
   <datafield tag="653" ind2=" " ind1=" ">
      <subfield code="a">Treball de fi de màster – Curs 2020-2021</subfield>
   </datafield>
   <datafield tag="653" ind2=" " ind1=" ">
      <subfield code="a">Internet – Dret i legislació</subfield>
   </datafield>
   <datafield tag="653" ind2=" " ind1=" ">
      <subfield code="a">Llibertat d&amp;apos;informació</subfield>
   </datafield>
   <datafield tag="653" ind2=" " ind1=" ">
      <subfield code="a">Bretxa digital</subfield>
   </datafield>
   <datafield tag="653" ind2=" " ind1=" ">
      <subfield code="a">Societat de la informació</subfield>
   </datafield>
   <datafield ind2="0" ind1="0" tag="245">
      <subfield code="a">El derecho de internet: estructuración del acceso a internet como derecho: nuevas perspectivas</subfield>
   </datafield>
</record></metadata></record></GetRecord></OAI-PMH>